Beyond Data: Strategically Leveraging Consumer Metrics and Market Signals of Business Prosperity in the Context of Marketing Communications
Cieľom štúdie je na základe korelácie trhových údajov vysvetliť a priblížiť vzájomné vzťahy vybraných ekonomických atribútov a metrík spotrebiteľského správania. Prieskum je realizovaný v rámci optimalizačného určenia alokácie nákupného gradientu obchodnej jednotky v kontexte maximalizácie efektu ko...
Salvato in:
| Autore principale: | |
|---|---|
| Altri autori: | |
| Natura: | Capitolo di libro |
| Lingua: | inglese |
| Soggetti: | |
| Tags: |
Nessun Tag, puoi essere il primo ad aggiungerne!!
|
MARC
| LEADER | 00000naa a2200000 4500 | ||
|---|---|---|---|
| 001 | 0305933 | ||
| 005 | 20250108133855.2 | ||
| 041 | 0 | |a eng | |
| 044 | |a SK | ||
| 245 | 1 | 0 | |a Beyond Data: Strategically Leveraging Consumer Metrics and Market Signals of Business Prosperity in the Context of Marketing Communications |c Tomáš Fašiang, Pavel Gežík |
| 520 | |a Cieľom štúdie je na základe korelácie trhových údajov vysvetliť a priblížiť vzájomné vzťahy vybraných ekonomických atribútov a metrík spotrebiteľského správania. Prieskum je realizovaný v rámci optimalizačného určenia alokácie nákupného gradientu obchodnej jednotky v kontexte maximalizácie efektu komunikačných a obslužných činností orientovaných na dosiahnutie ekonomickej prosperity podnikateľského subjektu. | ||
| 610 | 2 | 0 | |a podnikanie |
| 610 | 2 | 0 | |a správanie spotrebiteľa |
| 610 | 2 | 0 | |a ukazovatele ekonomické |
| 610 | 2 | 0 | |a komunikácia marketingová |
| 100 | 1 | |a Fašiang, Tomáš | |
| 700 | 1 | |a Gežík, Pavel, 1983- | |